000 00291nam a2200121Ia 4500
008 230524s9999 xx 000 0 und d
100 _aJohn B.Peatman
245 0 _aDesign With PIC Microcontrollers
260 _bPearson
500 _aQuantity Number: 5
650 _aComp-Sc
942 _cBK
999 _c50330
_d50330